VALORANT Weapons - Statistics

General Stats
  • This quiz has been taken 290 times
  • The average score is 14 of 17
Answer Stats
Price Gun % Correct
0 Classic
99%
800 Sherif
97%
450 Frenzy
96%
500 Ghost
96%
150 Shorty
95%
2900 Phantom
91%
850 Bucky
89%
4700 Operator
89%
950 Marshal
88%
1600 Spectre
87%
3200 Odin
86%
2050 Bulldog
85%
1850 Judge
85%
950 Stinger
85%
1600 Ares
79%
2250 Gurdian
5%
2900 Valndal
2%
No matching quizzes found
Score Distribution
Percent of People with Each Score
Percentile by Number Answered
Your Score History
You have not taken this quiz